Hotel lobbies and lounges the architecture of professional hospitality /

"Hotels occupy a particular place in popular imagination. As a place of exclusive sociability and bohemian misery, a site of crime and murder and as a hiding place for illicit liaison, the hotel has embodied the dynamism of the metropolis since the eighteenth century. Hotel Lounges and Lobbies:...

Full description

Bibliographic Details
Corporate Author: ProQuest (Firm)
Other Authors: Avermaete, Tom., Massey, Anne, 1956-
Format: Electronic eBook
Language:English
Published: New York : Routledge, 2013.
Series:Interior architecture series
Subjects:
Online Access:Click to View
LEADER 02308nam a2200421 a 4500
001 EBC1122857
003 MiAaPQ
005 20200520144314.0
006 m o d |
007 cr cn|||||||||
008 110708s2013 nyua sb 001 0 eng d
010 |z  2011028983 
020 |z 9780415496520 (hardback) 
020 |z 9780415496537 (pbk.) 
020 |a 9780203137505 (electronic bk.) 
035 |a (MiAaPQ)EBC1122857 
035 |a (Au-PeEL)EBL1122857 
035 |a (CaPaEBR)ebr10653637 
035 |a (CaONFJC)MIL430694 
035 |a (OCoLC)827207276 
040 |a MiAaPQ  |c MiAaPQ  |d MiAaPQ 
050 4 |a NA7800  |b .H665 2013 
082 0 4 |a 728/.5  |2 23 
245 0 0 |a Hotel lobbies and lounges  |h [electronic resource] :  |b the architecture of professional hospitality /  |c edited by Tom Avermaete and Anne Massey. 
260 |a New York :  |b Routledge,  |c 2013. 
300 |a xiv, 242 p. :  |b ill. 
440 0 |a Interior architecture series 
504 |a Includes bibliographical references and index. 
520 |a "Hotels occupy a particular place in popular imagination. As a place of exclusive sociability and bohemian misery, a site of crime and murder and as a hiding place for illicit liaison, the hotel has embodied the dynamism of the metropolis since the eighteenth century. Hotel Lounges and Lobbies: The Architecture of Professional Hospitality explores the architectural significance of hotels throughout history and how their material construction has reflected and facilitated the social and cultural practices for which they are renowned. Including case studies addressing contemporary developments in hotel planning and design, and illustrated throughout, this volume is an innovative and insightful contribution to architectural and interior design literature"--  |c Provided by publisher. 
533 |a Electronic reproduction. Ann Arbor, MI : ProQuest, 2015. Available via World Wide Web. Access may be limited to ProQuest affiliated libraries. 
650 0 |a Hotel lobbies. 
650 0 |a Hotels  |v Designs and plans. 
650 0 |a Architecture and society. 
655 4 |a Electronic books. 
700 1 |a Avermaete, Tom. 
700 1 |a Massey, Anne,  |d 1956- 
710 2 |a ProQuest (Firm) 
856 4 0 |u https://ebookcentral.proquest.com/lib/matrademy/detail.action?docID=1122857  |z Click to View